| 000 | 01028nam a2200301 a 4500 | ||
|---|---|---|---|
| 001 | 000044273 | ||
| 003 | DO-SdBNP | ||
| 005 | 20180402093720.0 | ||
| 007 | 000044273 | ||
| 008 | 140612 dr a 000 0 spa d | ||
| 020 | _a9789945454437 | ||
| 040 |
_aBPMET _bspa _cBPMET |
||
| 041 | 1 | 7 |
_aspa _heng |
| 092 |
_axxxx _bxxxx |
||
| 100 | 1 | _aBalaguer, Elizabeth | |
| 240 | 1 | 0 |
_athe secret of smiling _lEspañol |
| 245 | 1 | 3 |
_aEl secreto de sonreír = the secret of smiling / _cElizabeth Balaguer ; traducción Paula Féliz & Leslie Watson ; ilustraciones Emma Grullón Balaguer. |
| 246 | 1 | _athe secret of smiling | |
| 260 |
_aSanto Domingo : _bManatí, _c[200?]. |
||
| 300 |
_a30 p. : _bil. ; _c21 cm. |
||
| 500 | _aIncluye datos biográficos de la autora en la solapa de la contracubierta | ||
| 700 | 1 | 2 |
_aFéliz, Paula _etr. |
| 700 | 1 | 2 |
_aWatson, Leslie _etr. |
| 700 | 1 | 2 |
_aGrullón Balaguer, Emma _eil. |
| 942 |
_2ddc _cBK |
||
| 945 | _aRemanejado para la BNPHU / 2018 VM | ||
| 956 |
_aVMATEO _b10 _c20050505 _lBPMSU _h00151 |
||
| 999 |
_c7788 _d7788 |
||